000 00614nam a22002057a 4500
005 20251108164130.0
008 250721s1996 xx 000 0 ara d
082 1 4 _a341.256505694/دار
245 1 0 _aصانع السلام /
250 _aط4.
264 1 _aعمان :
_bدار الناس،
_c1996.
300 _a560ص.
650 1 7 _aتاريخ الأردن
650 1 7 _aعهد الملك حسين 1952-1999
650 1 7 _aإتفاقيات السلام
650 1 7 _aإسرائيل
710 2 _aدار الناس للصحافه و النشر (عمان)
_eتاليف
942 _2ddc
_cBK
999 _c4449
_d4449